|
|
|
|
| LEADER |
00975nam a22001937a 4500 |
| 008 |
161216b xxu||||| |||| 00| 0 eng d |
| 082 |
|
|
|a 894.1307
|b CHA/BAL
|
| 100 |
|
|
|a ബലറാം, എം. പി.
|
| 240 |
|
|
|a Indhulekha varthaman patangal
|
| 245 |
|
|
|a ഇന്ദുലേഖ വര്ത്തമാന പാഠങ്ങള് /
|c എം. പി. ബലറാം
|
| 260 |
|
|
|a കണ്ണൂര് :
|c 2015.
|b കോറസ്,
|
| 300 |
|
|
|a 125p.
|
| 650 |
|
|
|a Novel study
|
| 650 |
|
|
|a നോവല്പഠനം
|
| 700 |
|
|
|a Balaram, M. P.
|
| 942 |
|
|
|2 ddc
|c BK
|
| 999 |
|
|
|c 16167
|d 16167
|
| 952 |
|
|
|0 0
|1 0
|2 ddc
|4 0
|6 894_130700000000000_CHA_BAL
|7 0
|9 22699
|a MAIN
|b MAIN
|d 2016-12-16
|e Kairali Books
|g 130.00
|l 6
|o 894.1307 CHA/BAL
|p 22818
|r 2018-10-16
|s 2018-10-08
|t 1
|w 2016-12-16
|y BK
|
| 952 |
|
|
|0 0
|1 0
|2 ddc
|4 0
|5 1
|6 W_894_130700000000000_CHA_BAL
|7 0
|9 33801
|a MAIN
|b MAIN
|d 2018-10-01
|e Gift (Prof. Raghava Warrier)
|g 130.00
|o W 894.1307 CHA/BAL
|p 32978
|r 2018-10-01
|t 2
|w 2018-10-01
|y REF
|